| 000 | 01142nam a2200301 a 4500 | ||
|---|---|---|---|
| 001 | |||
| 003 | DO-SdBNP | ||
| 005 | 20240411115950.0 | ||
| 008 | 140613s2018 mx a 000 0 spa d | ||
| 020 | _a9786074612578 | ||
| 040 |
_aDO-SdBNP _bspa _cBPMSU |
||
| 082 | 4 |
_a922.2 _bX3R 2018 _222 |
|
| 100 | 1 |
_aReynoso, Arturo. _c |
|
| 245 | 1 | 0 |
_aFrancisco Xavier Clavigero : _bel aliento del espíritu / _cArturo Reynoso ; prólogo Alfonso Alfaro Barreto |
| 260 |
_a México : _bArtes de México del Mundo ; _bFondo de Cultura Económica, _c2018. |
||
| 300 |
_a574 p. ; _c24 cm. _b |
||
| 490 | 0 | _aDestiempo | |
| 500 | _aIncluye referencias bibliográficas y notas al pie de las páginas | ||
| 590 | _aInventariado, 2024/VM | ||
| 600 | 1 | 4 |
_aClavigero, Francisco Xavier, _d1731-1787 _vColecciones de escritos |
| 650 | 4 |
_aJesuitas _zMéxico _vBiografías _2 |
|
| 650 | 4 |
_aEvangelización _zMéxico _vSiglo XVIII. |
|
| 700 | 1 |
_aOrellana, Margarita de, _d1950- _eed. |
|
| 700 | 1 |
_aAlfaro Barreto, Alfonso _epról. |
|
| 710 | 2 | _aFondo de Cultura Económica (México) | |
| 910 | _aVMateo V. Control de calidad. BPMSU | ||
| 942 |
_2ddc _cBK |
||
| 999 |
_c14624 _d14624 |
||